Fr. Conceicao Rodrigues College of Engineering

Elementary Linear Algebra (Record no. 23302)

MARC details
000 -LEADER
fixed length control field 00370nam a2200181Ia 4500
082 ## - DEWEY DECIMAL CLASSIFICATION NUMBER
Item number ANT
100 ## - MAIN ENTRY--PERSONAL NAME
Personal name Anton/Howard/ Rorres/Chris
250 ## - EDITION STATEMENT
Edition statement 11
245 ## - TITLE STATEMENT
Title Elementary Linear Algebra
260 ## - PUBLICATION, DISTRIBUTION, ETC.
Name of publisher, distributor, etc. Wiley
Date of publication, distribution, etc. 2015
366 ## - TRADE AVAILABILITY INFORMATION
Publishers's discount category 20
300 ## - PHYSICAL DESCRIPTION
Extent 769
546 ## - LANGUAGE NOTE
Language note ENGLISH
650 ## - SUBJECT ADDED ENTRY--TOPICAL TERM
Topical term or geographic name entry element Linear Algebra
654 ## - SUBJECT ADDED ENTRY--FACETED TOPICAL TERMS
Focus term linear algebra
942 ## - ADDED ENTRY ELEMENTS (KOHA)
Koha item type BOOK
Holdings
Withdrawn status Lost status Damaged status Not for loan Collection Home library Current library Date acquired Source of acquisition Cost, normal purchase price Inventory number Total Checkouts Full call number Barcode Date last seen Cost, replacement price Price effective from Koha item type
        CRC Fr. Agnel's C.Rodrigues College of Engineering Fr. Agnel's C.Rodrigues College of Engineering 17/03/2023 Shroff Publishers 751.20 13197 dt 15.11.2019   ANT 25691 17/03/2023 939.00   BOOK